00867cam a22002417a 4500999001700000001000900017005001700026008004100043010001700084020002200101035002300123050001900146100001900165245014300184260004600327300004400373500001700417504006600434650003000500650004100530650003900571942001500610 c21713d217131434827420170123085003.0060420s2005 ohua be 001 0 eng d a 2006271511 a097684110X (hbk.) a(OCoLC)ocm6209980400aNE20 .I57 20051 aHessler, Gene.14aThe international engraver's line :bpaper money and postage stamp engravers and their work from the 1700s to the Euro /cby Gene Hessler. aCincinnati, Ohio :bGene Hessler,cc2005. ax, 381 p. :bill. (some col.) ;c27 cm. aCover title. aIncludes bibliographical references (p. 339-341) and indexes. 0aEngravingvEncyclopedias. 0aPostage stamp designvEncyclopedias. 0aPaper money designvEncyclopedias. 2lcccBOOKS